000 00234nam a2200097Ia 4500
008 230915s9999 xx 000 0 und d
050 _aT 385 .P76 2006
100 _aTOOGOOD ,ROGER
245 0 _aPRO/ENGINEER WILDFIRE 3:0
942 _cBK
999 _c202883
_d202883